| 000 | 00461pab a2200169 454500 | ||
|---|---|---|---|
| 008 | 180718b2005 xxu||||| |||| 00| 0 eng d | ||
| 100 | _aAmis, Philip | ||
| 245 | _aMeasuring and costs: what has been learnt and what still needs to be learnt | ||
| 260 | _c2005 | ||
| 300 | _ap.373-78. | ||
| 362 | _aDec | ||
| 650 | _aEconomic aid | ||
| 700 | _aHubbard, Michael | ||
| 700 | _aGreen, Lara | ||
| 773 | _aPublic Administration and Development | ||
| 909 | _a68203 | ||
| 999 |
_c68203 _d68203 |
||